Taylor Swift - Identical Beginning and Ending Lyrics - Statistics

General Stats
  • This quiz has been taken 21 times
  • The average score is 7 of 8
Answer Stats
Hint Answer % Correct
"Loving him is like driving a new Maserati down a dead end street" Red
100%
"Combat, I'm ready for combat" The Archer
100%
"You and I walk a fragile lineI have known it all this time Never ever thought I'd see it break" Haunted
93%
"We were both young when I first saw you" Love Story
93%
"Quick quickTell me something awful Like you are a poet trapped inside the body of a finance guy" I Hate It Here
86%
"Down the block, there's an antique shopAnd somethin' in my head said, "Stop, " so I walked in" Timeless
86%
"I wanna be your ___ ____" End Game
79%
"Drew looks at me, I fake a smile so he won't see" Teardrops On My Guitar
79%
No matching quizzes found
Score Distribution
Percent of People with Each Score
Percentile by Number Answered
Your Score History
You have not taken this quiz